000 00435nam a2200181Ia 4500
001 16466
005 20260306170311.0
008 260306t2015||||xx |||||||||||||| ||und||
041 _aESP
082 _a348.6
_bI59 2015
100 _aInstituto PacĂ­fico
_eAUT
245 0 _aActualidad laboral 2015
260 _c2015
300 _aen varias paginaciones :
_c27 cm.
650 _aGEN
654 _aCDE
942 _cLIB
_dJUS
_fJUS
_2ddc
_n
999 _c16466
_d16466